|
|
แสดงรายละเอียดบรรณานุกรม |
|
|
Brief Record
: Get Marc (ISO 2709)
: E-mail record
: |
|
|
|
| LEADER 00000nam 2200000uu 4500 | |||
| 001 208841 | |||
| 003 ULIBM | |||
| 008 130207s2555||||th 000 0 tha d | |||
| 020 ^a9786162791055 | |||
| 041 0 ^atha | |||
| 060 4 ^aWI 141 ก523 2555 | |||
| 245 00 ^aการส่องกล้องทางเดินอาหารส่วนบน = Upper GI Endoscopy./^bบรรณาธิการ,สุพจน์ พงศ์ประสบชัย,ธวัชชัย อัครวิพุธ,สมชาย ลีลากุศลวงศ์. | |||
| 250 ^aพิมพ์ครั้งที่ 1 | |||
| 260 ^aกรุงเทพฯ :^bกรุงเทพเวชสาร,^c2555 | |||
| 300 ^a253 หน้า :^bภาพประกอบ;^c22 ซม. | |||
| 650 0 ^aEndoscopy | |||
| 650 0 ^aEndoscop,Gastrointestinal ^xmethods. | |||
| 650 0 ^aกระเพาะอาหารและลำไส้,โรค | |||
| 650 0 ^aเอ็นโดสโคปีย์ | |||
| 650 0 ^aการส่องกล้อง | |||
| 700 0 ^aสุพจน์ พงศ์ประสบชัย,บรรณาธิการ. | |||
| 700 0 ^aธวัชชัย อัครวิพุธ,บรรณาธิการ. | |||
| 700 0 ^aสมชาย ลีลากุศลวงศ์,บรรณาธิการ | |||
| 999 ^aใช้งานได้ทุกระบบ | |||
| คุณยังไม่ได้ล็อกอิน คุณสามารถมีกิจกรรมร่วมกับเว็บไซต์ได้ แต่ต้องล็อกอินก่อน :: |
|
| สถานะ | |||||||||
| 1. | หนังสือทั่วไป | WI 141 ก523 2555 | On Shelf ขอยืม | ||||||
| Note:ทดแทน | |||||||||
| 2. | หนังสือสำรอง สถานะ=หนังสือเก่า - บริการ ณ ห้องสมุด (ห้องเหลือง) | WI 141 ก523 2555 ฉ.2 | On Shelf ขอยืม | ||||||
| Note:ปีงบประมาณ 2557 | |||||||||
| 3. | หนังสือทั่วไป | WI 141 ก523 2555 ฉ.3 | On Shelf ขอยืม | ||||||
| Note:ปีงบประมาณ 2557 | |||||||||
| 4. | หนังสือทั่วไป | WI 141 ก523 2555 ฉ.4 | On Shelf ขอยืม | ||||||
| Note:ปีงบประมาณ 2557 | |||||||||
| 5. | หนังสือทั่วไป | WI 141 ก523 2555 ฉ.5 | On Shelf ขอยืม | ||||||
| Note:ปีงบประมาณ 2557 | |||||||||
| 6. | หนังสือทั่วไป | WI 141 ก523 2555 ฉ.6 | On Shelf ขอยืม | ||||||
| Note:ปีงบประมาณ 2557 | |||||||||
| 7. | หนังสือทั่วไป สถานะ=หนังสือเก่า - บริการ ณ ห้องสมุด (ห้องเหลือง) | WI 141 ก523 2555 ฉ.7 | On Shelf ขอยืม | ||||||
| Note:ปีงบประมาณ 2557 | |||||||||
| 8. | หนังสือทั่วไป | WI 141 ก523 2555 ฉ.8 | On Shelf ขอยืม | ||||||
| Note:ปีงบประมาณ 2557 | |||||||||
| 9. | หนังสือทั่วไป | WI 141 ก523 2555 ฉ.9 | On Shelf ขอยืม | ||||||
| Note:ปีงบประมาณ 2557 | |||||||||
| 10. | หนังสือทั่วไป | WI 141 ก523 2555 ฉ.10 | On Shelf ขอยืม | ||||||
| Note:ปีงบประมาณ 2557 | |||||||||
| 11. | หนังสือทั่วไป | WI 141 ก523 2555 ฉ.11 | On Shelf ขอยืม | ||||||
| Note:ปีงบประมาณ 2557 | |||||||||
| [แสดง 11/11 รายการ] | |||||||||
| รายการใกล้เคียง หัวเรื่อง [Endoscopy]
หัวเรื่อง [การส่องกล้อง] |
BibComment |
| คอมเมนท์ทรัพยากรรายการนี้ |
|
|